Leadership : (Record no. 2024)
[ view plain ]
| 000 -LEADER | |
|---|---|
| fixed length control field | 01370cam a2200217 a 4500 |
| 020 ## - INTERNATIONAL STANDARD BOOK NUMBER | |
| ISBN | 9780078112652 |
| 020 ## - INTERNATIONAL STANDARD BOOK NUMBER | |
| ISBN | 0078112656 |
| 020 ## - INTERNATIONAL STANDARD BOOK NUMBER | |
| ISBN | 9780071086547 (pbk.) |
| 050 00 - CALL NUMBER | |
| Classification number | HM1261 |
| Item number | .H84 2012 |
| 100 1# - AUTHOR | |
| Personal name | Hughes, Richard L. |
| 245 10 - TITLE | |
| Title | Leadership : |
| Remainder of title | enhancing the lessons of experience / |
| Statement of responsibility, etc | Richard L. Hughes, Robert C. Ginnett, Gordon J. Curphy. |
| 250 ## - EDITION | |
| Edition statement | 7th ed., (International ed.) |
| 260 ## - PUBLICATION INFORMATION | |
| Place of publication | New York : |
| Name of publisher | McGraw-Hill Irwin, |
| Year of publication | c2012. |
| 300 ## - DESCRIPTION | |
| Number of Pages | xviii, 716 p. : |
| Other physical details | ill. ; |
| Dimensions | 24 cm. |
| 500 ## - NOTES | |
| General note | Includes index |
| 505 0# - FORMATTED CONTENTS NOTE | |
| Table of Content | Part One: Leadership is a process, not a position -- What do we mean by leadership? -- Leader development -- Skills for developing yourself as a leader -- Part Two: Focus on the leader -- Power and influence -- Leadership, ethics and values -- Leadership attributes -- Leadership behavior -- Skills for building personal credibility and influencing others -- Part Three: Focus on the followers -- Motivation, satisfaction, and performance -- Groups, teams, and their leadership -- Skills for developing others -- Part Four: Focus on the situation -- The situation -- Contingency theories of leadership -- Leadership and change -- The dark side of leadership -- Skills for optimizing leadership as situations change. |
| 650 #0 - SUBJECTS | |
| Topical Term | Leadership. |
| 700 1# - OTHER AUTHORS | |
| Personal name | Ginnett, Robert C. |
| 700 1# - OTHER AUTHORS | |
| Personal name | Curphy, Gordon J. |
| 942 ## - ADDED ENTRY ELEMENTS (KOHA) | |
| Koha item type | Books |
| Withdrawn status | Lost status | Collection code | Home library | Current library | Shelving location | Date acquired | Full call number | Accession Number | Koha item type |
|---|---|---|---|---|---|---|---|---|---|
| Reference | Methodist University Library Main | Methodist University Library Main | General Stacks | 30/01/2018 | HM1261 .H84 2012 | 38560 | Books | ||
| Reference | Methodist University Library Main | Methodist University Library Main | General Stacks | 30/01/2018 | HM1261 .H84 2012 | 38559 | Books |